Ảnh hưởng của hệ thống luân canh lúa- màu đến năng suất lúa vụ Đông Xuân 2020 tại huyện Trà Ôn, tỉnh Vĩnh Long : Luận văn tốt nghiệp Cao học chuyên ngành: Hệ thống Nông nghiệp

Thâm canh lúa 3 vụ là mô hình canh tác rất phổ biến ở Đồng bằng sông Cửu Long, tuy nhiên nhiều kết quả nghiên cứu cho thấy những tác động bất lợi của mô hình này đối với độ phì nhiêu đất cũng như sinh trưởng và năng suất của cây lúa...

Ful tanımlama

Kaydedildi:
Detaylı Bibliyografya
Yazar: Võ, Văn Lộc
Materyal Türü: Kitap
Dil:Undetermined
Baskı/Yayın Bilgisi: Cần Thơ Trường Đại học Cần Thơ 2020
Konular:
Etiketler: Etiketle
Etiket eklenmemiş, İlk siz ekleyin!
Thư viện lưu trữ: Trung tâm Học liệu Trường Đại học Cần Thơ
LEADER 01740nam a2200241Ia 4500
001 CTU_237873
008 210402s9999 xx 000 0 und d
082 |a 633.18 
082 |b L451 
088 |a 8620118 
100 |a Võ, Văn Lộc 
245 0 |a Ảnh hưởng của hệ thống luân canh lúa- màu đến năng suất lúa vụ Đông Xuân 2020 tại huyện Trà Ôn, tỉnh Vĩnh Long : 
245 0 |b Luận văn tốt nghiệp Cao học chuyên ngành: Hệ thống Nông nghiệp 
245 0 |c Võ Văn Lộc ; Nguyễn Minh Phượng (cán bộ hướng dẫn) 
260 |a Cần Thơ 
260 |b Trường Đại học Cần Thơ 
260 |c 2020 
520 |a Thâm canh lúa 3 vụ là mô hình canh tác rất phổ biến ở Đồng bằng sông Cửu Long, tuy nhiên nhiều kết quả nghiên cứu cho thấy những tác động bất lợi của mô hình này đối với độ phì nhiêu đất cũng như sinh trưởng và năng suất của cây lúa. Đề tài được thực hiện nhằm mục tiêu đánh giá hiệu quả của các mô hình luân canh lúa và cây trồng cạn (mè và đậu nành) trong cải thiện chất lượng đất, sinh trưởng và năng suất lúa vụ Đông Xuân 2019-2020 trên đất phù sa thâm canh lúa bị bạc màu ở huyện Trà Ôn, tỉnh Vĩnh Long. 
650 |a Rice,Cây lúa 
650 |x Research,Nghiên cứu 
904 |i Hiếu 
910 |c tvtrong 
980 |a Trung tâm Học liệu Trường Đại học Cần Thơ